Nozioni di geografia : per gli alunni delle scuole secondarie di avviamento professionale. Vol.1., per la prima classe del biennio di indirizzo generico

Salvato in:
Dettagli Bibliografici
Autore principale: Guarnieri, Giuseppe Gino (Autore)
Natura: Libro
Lingua:italiano
Pubblicazione: Lanciano : Carabba Giuseppe, 1932
Catalogo:EDISCO:  Risultati della ricerca del catalogo della biblioteca
Libro di testo Classificazione:
Soggetti:
Tags: Aggiungi Tag
Nessun Tag, puoi essere il primo ad aggiungerne!!
Aggiunto a:2016-04-30
Cambiato in:2017-10-18

MARC

LEADER 00000aam a22000001 4500
001 00455
003 OSt
005 20171018092607.0
008 160501s1932 it 000 0 ita
040 |c Antonio Parlati - L'Acquila 
041 1 |a ita 
100 1 |a Guarnieri, Giuseppe Gino  |e Author  |9 273 
245 0 0 |a Nozioni di geografia :  |b per gli alunni delle scuole secondarie di avviamento professionale. Vol.1., per la prima classe del biennio di indirizzo generico /  |c Giuseppe Gino Guarnieri 
260 |a Lanciano :  |b Carabba Giuseppe,  |c 1932 
300 |a 159 p. : ill., 1/2 ;   |c in 8° 
510 3 |a 6 
546 |a ita 
650 4 |a Geografia  |9 28 
655 |a Manuale  |9 9 
690 7 |a Secondaria inferiore  |x Avviamento   |9 3604 
901 |a 1 
942 |2 ddc  |c BK 
999 |c 445  |d 445 
999 |c edisco:445  |d 445